[Event "World Rapid Team 2023"]
[Site "Dusseldorf GER"]
[Date "2023.08.27"]
[Round "6.13"]
[Board "4"]
[White "Njoroge, Martin"]
[Black "Bartelt, Max Peter"]
[Result "1-0"]
[WhiteElo "1870"]
[BlackElo "2025"]
[WhiteTeam "Kenya Commercial Bank Chess Club"]
[BlackTeam "Wensing & Poebel"]
[WhiteFideId "10801952"]
[BlackFideId "12967289"]
[EventDate "2023.08.26"]

1. d4 Nf6 2. Nf3 g6 3. c4 Bg7 4. b3 O-O 5. Bb2 d5 6. e3 c6 7. Be2 Bf5 8. O-O
Nbd7 9. Nbd2 Rc8 10. Nh4 Be6 11. f4 dxc4 12. bxc4 b5 13. f5 Bxc4 14. Nxc4 bxc4
15. Bxc4 Nd5 16. fxg6 hxg6 17. Qf3 e6 18. g3 N7b6 19. Bb3 Qg5 20. Ng2 c5 21. Ba3
Nb4 22. Rad1 a5 23. dxc5 Qxc5 24. Nf4 Nc4 25. Bc1 Qc6 26. a3 Qxf3 27. Rxf3 Ne5
28. Rff1 Na6 29. Nxe6 fxe6 30. Bxe6+ Kh7 31. Bxc8 Rxc8 32. Rd5 Nc5 33. Bb2 Ncd3
34. Bd4 a4 35. h3 Rc2 36. Ra5 Rc4 37. Ra7 Kh6 38. Rd1 Nf3+ 39. Kg2 Nxd4 40. exd4
Bxd4 41. Ra8 Rc2+ 42. Kf3 Ne5+ 43. Ke4 Bb2 44. Rxa4 Re2+ 45. Kd5 Nd7 46. Rh4+
Kg7 47. Kc4 Ne5+ 48. Kb3 Nf3 49. Rd7+ Kg8 50. Ra4 Nd4+ 51. Raxd4 Bxd4 52. Rxd4
Re3+ 53. Kb4 Rxg3 54. Rg4 Rxh3 55. Rxg6+ Kf7 56. Rd6 Ke7 57. Rd1 Rh2 58. a4 Rb2+
59. Kc5 Rc2+ 60. Kb6 Rb2+ 61. Ka6 Rb3 62. a5 Rb2 63. Ka7 Rb3 64. a6 Rb2 65. Ka8
Rb3 66. Rd2 Rb1 67. Rd3 Rb2 68. Ka7 Rb1 69. Ka8 Rb2 70. Rh3 Kd7 71. Rh7+ Kc8 72.
Rb7 Ra2 73. Ka7 Ra1 74. Rb4 Kc7 75. Rc4+ Kd7 76. Kb6 Rb1+ 77. Ka5 Ra1+ 78. Kb5
Rb1+ 79. Ka5 Ra1+ 80. Kb6 Rb1+ 81. Ka7 Rb2 82. Rc3 Rb1 83. Rg3 Kc7 84. Ka8 Rb8+
85. Ka7 Rb1 86. Rg7+ Kc8 87. Rb7 Ra1 88. Rb2 Kc7 89. Rc2+ Kd7 90. Rc5 Rb1 91.
Rh5 Kc7 92. Rh7+ Kc8 93. Ka8 Rb8+ 94. Ka7 Rb1 95. Rh3 Kc7 96. Rd3 Rb2 97. Rc3+
Kd7 98. Ka8 Rb1 99. Rc2 Rb3 100. a7 Rb1 101. Rh2 Kc7 102. Rh7+ Kc8 103. Rh8+ Kc7
104. Rb8 Ra1 105. Rb4 Ra2 106. Rc4+ Kd7 107. Kb7 Rb2+ 108. Ka6 Ra2+ 109. Kb6 Kd6
110. Rd4+ Ke7 111. Rd5 Ke6 112. Ra5 Rb2+ 113. Kc5 Rc2+ 114. Kb4 1-0

[Event "World Rapid Team 2023"]
[Site "Dusseldorf GER"]
[Date "2023.08.27"]
[Round "6.13"]
[Board "5"]
[White "Kesselmeier, Kevin"]
[Black "Oluka Robert Mcligeyo"]
[Result "1-0"]
[WhiteElo "2011"]
[BlackElo "2009"]
[WhiteTeam "Wensing & Poebel"]
[BlackTeam "Kenya Commercial Bank Chess Club"]
[WhiteFideId "16217551"]
[BlackFideId "10814647"]
[EventDate "2023.08.26"]

1. e4 c5 2. Nf3 d6 3. d4 cxd4 4. Nxd4 Nf6 5. Nc3 Nc6 6. Nxc6 bxc6 7. Bc4 e5 8.
O-O Be7 9. f4 exf4 10. Bxf4 O-O 11. Kh1 Qb6 12. Bxd6 Bg4 13. Qd3 Bxd6 14. Qxd6
Qxb2 15. Qg3 Bh5 16. Rab1 Qxc2 17. Rxf6 Bg6 18. Rf2 1-0

[Event "World Rapid Team 2023"]
[Site "Dusseldorf GER"]
[Date "2023.08.27"]
[Round "6.13"]
[Board "6"]
[White "Ndirangu, Nyaruai, Joyce"]
[Black "Moeller, Lisa-Marie"]
[Result "0-1"]
[WhiteTitle "WCM"]
[WhiteElo "1719"]
[BlackElo "1899"]
[WhiteTeam "Kenya Commercial Bank Chess Club"]
[BlackTeam "Wensing & Poebel"]
[WhiteFideId "10802886"]
[BlackFideId "12959367"]
[EventDate "2023.08.26"]

1. d4 c5 2. d5 Nf6 3. Nc3 e6 4. e4 exd5 5. exd5 d6 6. Bb5+ Bd7 7. a4 a6 8. Be2
g6 9. Nf3 Bg7 10. O-O O-O 11. h3 Re8 12. Bg5 Qc7 13. Nd2 Bc8 14. Nc4 Ne4 15.
Nxe4 Rxe4 16. c3 Nd7 17. Bd3 Re8 18. Re1 Rxe1+ 19. Qxe1 Ne5 20. f4 Nxd3 21. Qe8+
Bf8 22. Qe2 h6 23. Bf6 Nxf4 24. Qe3 Nxd5 25. Qf3 Nxf6 26. Qxf6 Qe7 27. Qf2 Be6
28. Nd2 Bg7 29. Re1 Qd7 30. Qf3 Re8 31. b3 Bf5 32. Rxe8+ Qxe8 33. Kf2 Qe7 34. g4
Be6 35. Kg2 Kh7 36. Qd3 Qd7 37. c4 Qc6+ 38. Kg1 Bd4+ 39. Kh2 d5 40. Nf3 dxc4 41.
bxc4 Qd6+ 42. Kg2 Qf4 43. Qc2 Bd7 44. Qb3 Bc6 45. Qd3 Qxf3+ 46. Qxf3 Bxf3+ 0-1

[Event "World Rapid Team 2023"]
[Site "Dusseldorf GER"]
[Date "2023.08.27"]
[Round "6.14"]
[Board "1"]
[White "Helbig, Mark"]
[Black "Zuferi, Enis"]
[Result "1/2-1/2"]
[WhiteTitle "FM"]
[BlackTitle "FM"]
[WhiteElo "2307"]
[BlackElo "2367"]
[WhiteTeam "Neustadt Weinstrasse"]
[BlackTeam "Heilbronn Hustlers"]
[WhiteFideId "4675622"]
[BlackFideId "24692530"]
[EventDate "2023.08.26"]

1. d4 d5 2. c4 e6 3. Nf3 c5 4. cxd5 exd5 5. g3 Nf6 6. Bg2 Nc6 7. O-O Be7 8. Nc3
O-O 9. dxc5 Bxc5 10. Bg5 d4 11. Bxf6 Qxf6 12. Ne4 Qe7 13. Nxc5 Qxc5 14. Qd2 Re8
15. a3 Bg4 16. Rac1 Qb6 17. h3 Bh5 18. b4 Rad8 19. Rc5 Bxf3 20. Bxf3 Ne5 21. Bg2
Qa6 22. Qa2 Rd7 23. Rfc1 g6 24. f4 d3 25. Rxe5 Rxe5 26. fxe5 d2 27. Rd1 Qxe2 28.
Qc2 Qxe5 29. Kh2 Qd4 30. Bxb7 Qf2+ 31. Bg2 Kg7 32. a4 Qe3 33. g4 Rd3 34. Qc7 Qe2
35. Qc2 Qe5+ 36. Kh1 Qe1+ 37. Kh2 Qe5+ 38. Kh1 Qe1+ 1/2-1/2

[Event "World Rapid Team 2023"]
[Site "Dusseldorf GER"]
[Date "2023.08.27"]
[Round "6.14"]
[Board "2"]
[White "Wenninger, Philipp"]
[Black "Teuffer, Michael"]
[Result "1-0"]
[WhiteElo "2374"]
[BlackElo "2189"]
[WhiteTeam "Heilbronn Hustlers"]
[BlackTeam "Neustadt Weinstrasse"]
[WhiteFideId "4648404"]
[BlackFideId "24680427"]
[EventDate "2023.08.26"]

1. d4 e6 2. Nf3 f5 3. g3 Nf6 4. Bg2 Be7 5. b3 d6 6. Bb2 O-O 7. O-O Ne4 8. Nfd2
d5 9. f3 Nxd2 10. Nxd2 c5 11. c3 Nc6 12. e3 Qb6 13. Qe2 Bd7 14. Kh1 Rae8 15. f4
Na5 16. Rfd1 Bb5 17. c4 Ba6 18. Rab1 dxc4 19. Nxc4 Qc7 20. d5 exd5 21. Bxd5+ Kh8
22. Be5 Qc8 23. Qb2 1-0

[Event "World Rapid Team 2023"]
[Site "Dusseldorf GER"]
[Date "2023.08.27"]
[Round "6.14"]
[Board "3"]
[White "Schwarz, Dietmar"]
[Black "Peng, Xiang-Tobias"]
[Result "0-1"]
[WhiteElo "1833"]
[BlackElo "2119"]
[WhiteTeam "Neustadt Weinstrasse"]
[BlackTeam "Heilbronn Hustlers"]
[WhiteFideId "1271897"]
[BlackFideId "12964328"]
[EventDate "2023.08.26"]

1. e4 c5 2. Nf3 e6 3. d4 cxd4 4. Nxd4 Nc6 5. Nc3 Nf6 6. Be3 Bb4 7. Nxc6 bxc6 8.
f3 d5 9. exd5 exd5 10. a3 Bxc3+ 11. bxc3 Qa5 12. Bd2 O-O 13. Be2 Qc5 14. c4 Re8
15. Bb4 Qxc4 16. O-O Qxe2 17. Qd4 Qe3+ 18. Qxe3 Rxe3 19. Kf2 Re8 20. Rac1 Ba6
21. Rfd1 Bc4 22. Bc3 Re2+ 23. Kg3 Nh5+ 24. Kg4 g6 25. Re1 Rxg2+ 26. Kh3 Nf4+ 27.
Kh4 g5# 0-1

[Event "World Rapid Team 2023"]
[Site "Dusseldorf GER"]
[Date "2023.08.27"]
[Round "6.14"]
[Board "4"]
[White "Diller, Daniel"]
[Black "Mader, Lena"]
[Result "1-0"]
[WhiteElo "2120"]
[BlackElo "1841"]
[WhiteTeam "Heilbronn Hustlers"]
[BlackTeam "Neustadt Weinstrasse"]
[WhiteFideId "12908983"]
[BlackFideId "24653560"]
[EventDate "2023.08.26"]

1. d4 Nf6 2. Nf3 g6 3. Nc3 d5 4. Bf4 Bg7 5. e3 O-O 6. Be2 b6 7. Ne5 c5 8. h4 Bb7
9. h5 Nc6 10. hxg6 hxg6 11. f3 cxd4 12. exd4 Nxe5 13. Bxe5 Nd7 14. Bxg7 Kxg7 15.
Qd2 Rh8 16. O-O-O a6 17. Qg5 Nf6 18. Qe5 e6 19. Rxh8 Qxh8 20. g4 Qb8 21. Qg5 Qh8
22. f4 Nd7 23. Qe7 Qe8 24. Qh4 Qh8 25. Qg3 Kf8 26. f5 gxf5 27. Qd6+ Ke8 28. gxf5
Qh6+ 29. Kb1 Rd8 30. Rg1 Nf8 31. Qxb6 Bc8 32. Bxa6 Bxa6 33. Qxa6 Qh2 34. Qb5+
Rd7 35. Re1 Qg3 36. Rd1 Ke7 37. fxe6 fxe6 38. Qc5+ Ke8 39. Rf1 Ng6 40. a4 Rc7
41. Qb6 Re7 42. a5 Qg2 43. Rd1 Kf7 44. a6 Nf8 45. a7 Nd7 46. Qc7 Qg8 47. Rf1+
Nf6 48. Qe5 Qg2 49. Qxf6+ Ke8 50. a8=Q+ 1-0

[Event "World Rapid Team 2023"]
[Site "Dusseldorf GER"]
[Date "2023.08.27"]
[Round "6.14"]
[Board "5"]
[White "Allmacher, Marco"]
[Black "Schaefer, Daniel"]
[Result "0-1"]
[WhiteElo "1524"]
[BlackElo "1884"]
[WhiteTeam "Neustadt Weinstrasse"]
[BlackTeam "Heilbronn Hustlers"]
[WhiteFideId "16273311"]
[BlackFideId "16235088"]
[EventDate "2023.08.26"]

1. e4 e5 2. Nf3 Nc6 3. Bc4 Bc5 4. c3 Nf6 5. d4 exd4 6. cxd4 Bb4+ 7. Nc3 Nxe4 8.
O-O Bxc3 9. d5 Ne5 10. bxc3 Nxc4 11. Qd4 O-O 12. Qxe4 Nd6 13. Qd3 b6 14. Re1 Qf6
15. Bb2 Qg6 16. Qd4 f6 17. Ba3 Nb5 18. Qb4 Nxa3 19. Qxa3 d6 20. Re7 Bg4 21. Nd4
Bh3 22. g3 Rfe8 23. Nc6 Qd3 24. f4 Rxe7 25. Nxe7+ Kf8 26. Nc6 Qe3+ 27. Kh1 Qf3+ 0-1

[Event "World Rapid Team 2023"]
[Site "Dusseldorf GER"]
[Date "2023.08.27"]
[Round "6.15"]
[Board "1"]
[White "Shamsi, Mohammadhossein"]
[Black "Fromm, Marius"]
[Result "0-1"]
[WhiteTitle "CM"]
[BlackTitle "FM"]
[WhiteElo "2217"]
[BlackElo "2458"]
[WhiteTeam "PhileKhoob Chess Club"]
[BlackTeam "Doppelbauer Kiel"]
[WhiteFideId "12507326"]
[BlackFideId "12993190"]
[EventDate "2023.08.26"]

1. e4 c5 2. Nf3 e6 3. c3 d5 4. exd5 Qxd5 5. d4 Nf6 6. Be3 cxd4 7. cxd4 Bd7 8.
Nc3 Bb4 9. a3 Bxc3+ 10. bxc3 O-O 11. c4 Qa5+ 12. Bd2 Qa4 13. Qb1 Bc6 14. Bd3
Bxf3 15. gxf3 Nc6 16. Bc3 Rad8 17. d5 exd5 18. Bxf6 gxf6 19. Rg1+ Kh8 20. Qb2
Ne5 21. Be2 dxc4 22. f4 c3 23. Qxc3 Qxf4 24. Rg3 Qd4 25. Rc1 Qxc3+ 26. Rgxc3 Rd7
27. Rc7 Rfd8 28. Bb5 Rxc7 29. Rxc7 a6 30. Be2 Rd7 31. Rc8+ Kg7 32. f3 f5 33. Kf2
f4 34. Re8 f6 35. Rb8 Kg6 36. Rg8+ Kf5 37. Ke1 Ke6 38. Rc8 Kd6 39. Kd2 Rc7 40.
Rd8+ Kc5 41. Kc3 Re7 42. Rc8+ Nc6 43. Bd1 Re3+ 44. Kb2 Re1 45. Bc2 Re2 46. Kc3
Re3+ 47. Kb2 Rxf3 48. Bxh7 Rh3 49. Be4 Rxh2+ 50. Kc3 Rh3+ 51. Kb2 Re3 0-1

[Event "World Rapid Team 2023"]
[Site "Dusseldorf GER"]
[Date "2023.08.27"]
[Round "6.15"]
[Board "2"]
[White "Arndt, Magnus"]
[Black "Juegel, Marcel"]
[Result "1-0"]
[WhiteTitle "FM"]
[WhiteElo "2405"]
[BlackElo "2164"]
[WhiteTeam "Doppelbauer Kiel"]
[BlackTeam "PhileKhoob Chess Club"]
[WhiteFideId "12998656"]
[BlackFideId "24621625"]
[EventDate "2023.08.26"]

1. e4 e6 2. d4 b6 3. c4 Bb7 4. Bd3 Nc6 5. Ne2 Nb4 6. O-O Nxd3 7. Qxd3 Ne7 8.
Nbc3 Ng6 9. f4 f5 10. exf5 exf5 11. Ng3 Qf6 12. Re1+ Be7 13. Nxf5 O-O 14. Nxe7+
Nxe7 15. d5 Nf5 16. Bd2 Nh4 17. Re2 Rae8 18. Rae1 Rxe2 19. Rxe2 Ng6 20. g3 d6
21. Ne4 Qxb2 22. Bc3 Qc1+ 23. Re1 Nxf4 24. gxf4 Qxf4 25. Qg3 Qxg3+ 26. hxg3 Rf3
27. Kg2 Rd3 28. Ng5 Kf8 29. Ne6+ Kg8 30. Rf1 h6 31. Bxg7 Ba6 32. Ba1 Rd2+ 33.
Kh3 Bxc4 34. Rf8+ Kh7 35. Nf4 Bf1+ 36. Kg4 Be2+ 37. Kh4 Rb2 38. Bxb2 1-0

[Event "World Rapid Team 2023"]
[Site "Dusseldorf GER"]
[Date "2023.08.27"]
[Round "6.15"]
[Board "3"]
[White "Kuckling, Hannah"]
[Black "Ermitsch, Magnus"]
[Result "0-1"]
[WhiteTitle "WFM"]
[BlackTitle "FM"]
[WhiteElo "2057"]
[BlackElo "2221"]
[WhiteTeam "PhileKhoob Chess Club"]
[BlackTeam "Doppelbauer Kiel"]
[WhiteFideId "24603660"]
[BlackFideId "16234464"]
[EventDate "2023.08.26"]

1. e4 c5 2. Nc3 e6 3. f4 d5 4. Bb5+ Bd7 5. Bxd7+ Qxd7 6. Nf3 Nc6 7. O-O O-O-O 8.
exd5 exd5 9. d4 cxd4 10. Nxd4 Nf6 11. Kh1 Bc5 12. Nb3 Be7 13. a4 d4 14. Nb5 a6
15. Na3 Qd5 16. Nd2 Bc5 17. Nf3 Ne4 18. Qe2 Rhe8 19. Qc4 d3 20. cxd3 Nf2+ 21.
Kg1 Nxd3+ 22. Kh1 Nf2+ 23. Kg1 Ne4+ 24. Kh1 Qh5 25. h3 Ng3+ 26. Kh2 Re4 27. Kxg3
Qg6+ 28. Kh2 Rxc4 29. Nxc4 Qd3 30. Nfd2 Nd4 31. Ne5 Qe2 32. Nef3 Nxf3+ 33. Rxf3
Rxd2 34. Bxd2 Qxd2 35. Rc3 b6 36. Rac1 Qxf4+ 37. Kh1 Kb7 38. Rc4 Qe5 39. b4 Bd6
40. Kg1 Bxb4 41. Rd1 Bc5+ 42. Kh1 Bd6 43. Kg1 Qe2 44. Rcc1 Qe3+ 45. Kh1 Qg3 46.
Kg1 f5 47. Rf1 g5 48. Rcd1 Qh2+ 49. Kf2 Bc5+ 50. Kf3 Qf4+ 51. Ke2 Qe3# 0-1

[Event "World Rapid Team 2023"]
[Site "Dusseldorf GER"]
[Date "2023.08.27"]
[Round "6.15"]
[Board "4"]
[White "Stegert, Jonas"]
[Black "Bahmani, Koorosh"]
[Result "0-1"]
[WhiteElo "1832"]
[BlackElo "1873"]
[WhiteTeam "Doppelbauer Kiel"]
[BlackTeam "PhileKhoob Chess Club"]
[WhiteFideId "16247965"]
[BlackFideId "42576750"]
[EventDate "2023.08.26"]

1. d4 Nf6 2. c4 g6 3. Nc3 d5 4. Bf4 Bg7 5. e3 c5 6. dxc5 Qa5 7. Rc1 dxc4 8. Bxc4
O-O 9. Ne2 Nc6 10. O-O e5 11. Bg3 Bf5 12. Nb5 Rad8 13. Qe1 Ne4 14. a3 a6 15. b4
Qa4 16. Nbc3 Qxa3 17. Nd5 Be6 18. Ra1 Qxa1 19. Qxa1 Nd2 20. Ne7+ Nxe7 21. Bxe6
Nxf1 22. Ba2 Nxg3 23. hxg3 Rd2 24. Bc4 Nc6 25. Qc3 Rfd8 26. Qb3 R8d7 27. Nc3 e4
28. Nxe4 Rb2 29. Qa3 Ne5 30. Nd6 Rb1+ 31. Kh2 Ng4+ 32. Kh3 Nxf2+ 33. Kh2 Rh1# 0-1

[Event "World Rapid Team 2023"]
[Site "Dusseldorf GER"]
[Date "2023.08.27"]
[Round "6.15"]
[Board "5"]
[White "Shahsanam, Alireza"]
[Black "Braeutigam, Alexander"]
[Result "1-0"]
[WhiteElo "1782"]
[BlackElo "1911"]
[WhiteTeam "PhileKhoob Chess Club"]
[BlackTeam "Doppelbauer Kiel"]
[WhiteFideId "12517887"]
[BlackFideId "16245210"]
[EventDate "2023.08.26"]

1. e4 c5 2. Nf3 d6 3. d4 cxd4 4. Nxd4 Nf6 5. Nc3 a6 6. h3 e5 7. Nde2 Be7 8. g4
h6 9. Bg2 b5 10. Be3 Bb7 11. Ng3 g6 12. Qd2 h5 13. gxh5 Nxh5 14. Nxh5 Rxh5 15.
Nd5 Bxd5 16. Qxd5 Nd7 17. a4 b4 18. a5 Rc8 19. Bf3 Rh4 20. Qb3 Qc7 21. Bg4 Qc4
22. Qa4 f5 23. exf5 Qe4 24. O-O-O gxf5 25. Be2 Qb7 26. Qb3 Nf6 27. Bg5 Rh8 28.
Rhg1 Kd7 29. Bxf6 Bxf6 30. Qf7+ Be7 31. Qxf5+ Kc7 32. Rg7 Kb8 33. Rxd6 Bxd6 34.
Rxb7+ Kxb7 35. Bf3+ Kc7 36. Qf7+ Kd8 37. Bg4 Rf8 38. Qd7# 1-0

[Event "World Rapid Team 2023"]
[Site "Dusseldorf GER"]
[Date "2023.08.27"]
[Round "6.15"]
[Board "6"]
[White "Braeutigam, Katerina"]
[Black "Mirzaiee Rad, Javad"]
[Result "1-0"]
[WhiteElo "1884"]
[BlackElo "1721"]
[WhiteTeam "Doppelbauer Kiel"]
[BlackTeam "PhileKhoob Chess Club"]
[WhiteFideId "16242980"]
[BlackFideId "42543819"]
[EventDate "2023.08.26"]

1. e4 e5 2. Nf3 Nc6 3. Bb5 a6 4. Ba4 Nf6 5. d3 d6 6. c3 Be7 7. h3 O-O 8. O-O b5
9. Bc2 Bb7 10. Re1 Na5 11. d4 Nd7 12. Nbd2 c5 13. Nf1 cxd4 14. cxd4 Rc8 15. Ne3
Nc4 16. Nf5 Bf6 17. b3 exd4 18. N3xd4 Na5 19. Ba3 Rxc2 20. Qxc2 Qb6 21. Rad1 Rc8
22. Qd2 Nc5 23. f3 Ne6 24. Kh1 g6 25. Nxe6 fxe6 26. Nxd6 Bc3 27. Nxc8 Bxd2 28.
Nxb6 Bxe1 29. Rxe1 Kf7 30. Nd7 Nc6 31. Nc5 Bc8 32. Rd1 Ne5 33. Rd8 1-0

[Event "World Rapid Team 2023"]
[Site "Dusseldorf GER"]
[Date "2023.08.27"]
[Round "6.16"]
[Board "1"]
[White "Pak, Alexander"]
[Black "Van Dael, Siem"]
[Result "1-0"]
[BlackTitle "FM"]
[WhiteElo "2170"]
[BlackElo "2285"]
[WhiteTeam "Ecole Polytechnique Francaise de Lausanne"]
[BlackTeam "Blerickse Schaakvereniging"]
[WhiteFideId "4164717"]
[BlackFideId "1049771"]
[EventDate "2023.08.26"]

1. b3 Nf6 2. Bb2 g6 3. Nf3 Bg7 4. g3 O-O 5. Bg2 d6 6. d4 c5 7. O-O Na6 8. e3 Rb8
9. c4 Bf5 10. dxc5 Nxc5 11. Nd4 Be4 12. f3 Bd3 13. Rf2 e5 14. Nc3 exd4 15. exd4
Ng4 16. fxg4 Bxd4 17. Nd5 Bxf2+ 18. Kxf2 f5 19. b4 b5 20. bxc5 bxc4 21. Qd2 dxc5
22. Qc3 Rxb2+ 23. Qxb2 fxg4+ 24. Kg1 Qd6 25. Re1 Rf3 26. Bxf3 gxf3 27. Ra1 1-0

[Event "World Rapid Team 2023"]
[Site "Dusseldorf GER"]
[Date "2023.08.27"]
[Round "6.16"]
[Board "3"]
[White "Deregnaucourt, Lucas"]
[Black "Krause, Thomas"]
[Result "0-1"]
[WhiteElo "2076"]
[BlackElo "2100"]
[WhiteTeam "Ecole Polytechnique Francaise de Lausanne"]
[BlackTeam "Blerickse Schaakvereniging"]
[WhiteFideId "26057794"]
[BlackFideId "4696670"]
[EventDate "2023.08.26"]

1. c4 g6 2. g3 Bg7 3. Bg2 c5 4. Nc3 Nc6 5. Nf3 e6 6. O-O Nge7 7. e3 d5 8. cxd5
exd5 9. d4 cxd4 10. exd4 O-O 11. Bf4 Bg4 12. Qd2 Qb6 13. Ne5 Be6 14. Rfd1 Rfd8
15. Na4 Qb5 16. Nc5 Nxe5 17. Bxe5 Bxe5 18. Nxe6 fxe6 19. dxe5 Qd7 20. Rac1 Rac8
21. h4 Rxc1 22. Rxc1 Nc6 23. Qg5 Rf8 24. Bh3 Qf7 25. f4 Re8 26. h5 Qg7 27. hxg6
Qxg6 28. Qxg6+ hxg6 29. b4 Kf7 0-1

[Event "World Rapid Team 2023"]
[Site "Dusseldorf GER"]
[Date "2023.08.27"]
[Round "6.16"]
[Board "4"]
[White "Bergmans, Dirk"]
[Black "Pheng, Wissam"]
[Result "0-1"]
[WhiteElo "2015"]
[BlackElo "1940"]
[WhiteTeam "Blerickse Schaakvereniging"]
[BlackTeam "Ecole Polytechnique Francaise de Lausanne"]
[WhiteFideId "1042327"]
[BlackFideId "26008505"]
[EventDate "2023.08.26"]

1. d4 d5 2. Bf4 c5 3. e3 Nc6 4. c3 Qb6 5. Qb3 c4 6. Qxb6 axb6 7. Nd2 Bf5 8. a3
e6 9. Ngf3 h6 10. Be2 Nf6 11. h3 b5 12. Rc1 Nd7 13. O-O Nb6 14. Bd1 Na4 15. Bxa4
bxa4 16. Rfe1 g5 17. Bg3 Bg6 18. e4 O-O-O 19. exd5 exd5 20. Ne5 Nxe5 21. Bxe5
Rg8 22. Bf6 Rd6 23. Be7 Rb6 24. Bb4 Kd7 25. Nf3 f6 26. Re3 Bd6 27. Rce1 Re8 28.
g3 h5 29. h4 g4 30. Nd2 Bb8 31. Re7+ Rxe7 32. Rxe7+ Kc8 33. Rg7 Be8 34. Nf1 Re6
35. Ne3 Bxg3 36. Nxd5 Bxh4 37. Ba5 Re1+ 38. Kh2 Re2 39. Rc7+ Kb8 40. Re7 Rxe7
41. Nxe7 Bxf2 42. Nd5 Bc6 43. Nf4 g3+ 44. Kh3 h4 45. Bd8 Be3 46. Ng2 Bxg2+ 47.
Kxg2 Bg5 48. d5 Kc8 49. Be7 Kd7 50. d6 Bc1 51. Bxf6 Bxb2 52. Bxh4 Bxa3 53. Kxg3
Bxd6+ 54. Kf3 a3 0-1

[Event "World Rapid Team 2023"]
[Site "Dusseldorf GER"]
[Date "2023.08.27"]
[Round "6.16"]
[Board "5"]
[White "Wasserfallen, Benedict"]
[Black "Alonso, Jose Antonio"]
[Result "1-0"]
[WhiteElo "1853"]
[BlackElo "1836"]
[WhiteTeam "Ecole Polytechnique Francaise de Lausanne"]
[BlackTeam "Blerickse Schaakvereniging"]
[WhiteFideId "1344927"]
[BlackFideId "16213130"]
[EventDate "2023.08.26"]

1. e4 d5 2. exd5 Nf6 3. d4 Bg4 4. Bb5+ c6 5. dxc6 Nxc6 6. f3 Bd7 7. Ne2 e6 8.
O-O Qb6 9. Nbc3 Bb4 10. Be3 O-O 11. Bf2 Nd5 12. Rb1 Rac8 13. a3 Bxc3 14. bxc3
Qa5 15. c4 Nf6 16. d5 exd5 17. cxd5 Ne5 18. Bxd7 Nfxd7 19. Rxb7 Nc5 20. Re7 Ng6
21. Re3 Rfd8 22. c4 Nd7 23. Qd4 h6 24. Rc1 Nde5 25. c5 Nc6 26. Qe4 Nce5 27. Rec3
Qa6 28. Nd4 Nd7 29. c6 Nf6 30. Qc2 Nxd5 31. c7 Rd7 32. Rc6 Qb7 33. Rb1 Qxc6 34.
Qxc6 Rcxc7 35. Qa8+ Kh7 36. h3 Ngf4 37. Qe8 Nf6 38. Qe5 Ng6 39. Qa5 Rc4 40. Nb5
Rd3 41. Qxa7 Rc2 42. a4 Rdd2 43. Rf1 Nf4 44. a5 Nd3 45. a6 Nd5 46. Qd4 N5f4 47.
Qe4+ g6 48. a7 Re2 49. a8=Q Nxf2 50. Rxf2 Rxf2 51. Qxc2 Rxc2 52. Qa7 Rxg2+ 53.
Kf1 Kg8 54. Qb8+ 1-0

[Event "World Rapid Team 2023"]
[Site "Dusseldorf GER"]
[Date "2023.08.27"]
[Round "6.16"]
[Board "6"]
[White "Hartjes, Jenny"]
[Black "Pheng, Sophia"]
[Result "1-0"]
[WhiteElo "1685"]
[BlackElo "1128"]
[WhiteTeam "Blerickse Schaakvereniging"]
[BlackTeam "Ecole Polytechnique Francaise de Lausanne"]
[WhiteFideId "16222334"]
[BlackFideId "26066602"]
[EventDate "2023.08.26"]

1. d4 d5 2. Nf3 Nc6 3. c4 Nf6 4. cxd5 Qxd5 5. Nc3 Qd8 6. e4 Bg4 7. d5 Ne5 8. Be2
Bxf3 9. Bxf3 g6 10. O-O Bg7 11. Qa4+ Nfd7 12. Be2 f6 13. Bf4 O-O 14. Qc2 a6 15.
Qd2 Qe8 16. Bh6 g5 17. Bxg7 Kxg7 18. f4 gxf4 19. Rxf4 Qg6 20. Raf1 Qh6 21. Qd1
Rg8 22. Qe1 Kh8 23. Rh4 Qg5 24. g3 Rg6 25. Kh1 Rag8 26. Rf5 Qxh4 27. gxh4 Rg1+
28. Qxg1 Rxg1+ 29. Kxg1 Kg7 30. Nd1 Nc5 31. Nf2 Na4 32. b3 Nc3 33. Bc4 b5 34.
Bf1 Kg6 35. a3 Nxe4 36. Nxe4 Kxf5 37. Nc5 c6 38. dxc6 Nxc6 39. Nxa6 Nd4 40. b4
Ke4 41. Nc5+ Kd5 42. Kf2 Kc6 43. Kg3 Nc2 44. Bd3 Nxa3 45. Bxh7 Nc4 46. Bg6 Kd5
47. h5 Ne5 48. Be4+ Kc4 49. Na6 Nf7 50. Kf4 e6 51. Bg6 Nh6 52. Ke4 Kc3 53. Be8
Kc4 54. Bd7 e5 55. Be6+ Kc3 56. Kd5 Kd3 57. Nc5+ Ke3 58. Ne4 f5 59. Ng5 e4 60.
Nf7 Ng8 61. Bxf5 Nf6+ 62. Ke5 Nxh5 63. Bxe4 Nf4 64. h4 Nh5 65. Bc6 Kf2 66. Bxb5
Kg3 67. Be8 Kxh4 68. b5 Ng7 69. Bd7 Nh5 70. b6 Kg3 71. b7 Kf3 72. b8=Q Ng3 73.
Qb3+ Kg2 74. Bc6+ Kh3 75. Ng5+ Kh4 76. Nf3+ Kh5 77. Qf7+ Kh6 78. Qf8+ Kh5 79.
Qh8+ Kg4 80. Qg8+ Kh5 81. Qxg3 Kh6 82. Kf6 Kh7 83. Qg7# 1-0

[Event "World Rapid Team 2023"]
[Site "Dusseldorf GER"]
[Date "2023.08.27"]
[Round "6.17"]
[Board "1"]
[White "Li, Yunqi"]
[Black "Rendle, Thomas E"]
[Result "0-1"]
[BlackTitle "IM"]
[WhiteElo "1659"]
[BlackElo "2385"]
[WhiteTeam "Deutsche Schachjugend 2"]
[BlackTeam "The Sharks"]
[WhiteFideId "34610618"]
[BlackFideId "408760"]
[EventDate "2023.08.26"]

1. e4 e6 2. d4 d5 3. Nd2 a6 4. Bd3 c5 5. c3 Nc6 6. Ne2 cxd4 7. cxd4 dxe4 8. Nxe4
Bb4+ 9. Bd2 Be7 10. Bc3 Nf6 11. O-O O-O 12. Rc1 Nd5 13. Bb1 Re8 14. Qd3 g6 15.
Rcd1 b6 16. Rfe1 Bb7 17. Qg3 Qc7 18. Qh3 Nxc3 19. bxc3 Rad8 20. Qh6 Rd5 21. N2g3
Qd8 22. Qf4 Kg7 23. Bc2 Qb8 24. Qe3 Na5 25. Bb3 Nxb3 26. axb3 Qd8 27. Nd2 b5 28.
b4 Bg5 29. Qe2 Bxd2 30. Rxd2 Rg5 31. f3 Qc7 32. Qe3 h6 33. Rf2 Rc8 34. Rc1 e5
35. dxe5 Rxe5 36. Qd2 Rd8 37. Qc2 Qb6 38. Rf1 Rde8 39. Qd2 Qe3 40. Qc2 Rc8 41.
f4 Rd5 42. f5 Rxc3 43. Qb2 g5 44. Rc1 Qxc1+ 0-1